01571 2200409 4500001002100000005001500021035002000036007000300056008004100059020002200100082001700122084001900139100002600158245032000184250003200504300003200536650002200568700003300590700004000623700003500663700004000698700003800738700003700776700003000813700003600843700003800879700003100917264003900948336002100987337003001008338002301038040002201061090002201083850001201105999002201117990002201139INLIS00000000087768920230331092147 a0010-0323000956ta230331s2019 yoi g 000 p ind d a978-602-5552-43-404223a899.2211 a899.2211 RAF e0 aRafi HilmiePengarang10aEkspresi literasi: kumpulan puisi & cerpen karya siswa SDIT Al-Hamidiyah /cRafi Hilmi, Althaf Aulia R.D., Amanda Talitha Elvina S., Andhika Dwi Maulana, Annabelle Salwa Putti. A, Clarisa Pricelia Aurel, Daryl Rayhan Prasetyo, Faqih Musyaffa, Fauzan Akbar Alamudi, Indrasari Raras Azizah; penyunting, Hidayati Utami aCetakan Pertama, April 2019 axviii, 401 halaman ;c21 cm 4aPuisi--xKumpulan0 aAlthaf Aulia R.D.ePengarang0 aAmanda Talitha Elvina S.ePengarang0 aAndhika Dwi MaulanaePengarang0 aAnnabelle Salwa Putti. AePengarang0 aClarisa Pricelia AurelePengarang0 aDaryl Rayhan PrasetyoePengarang0 aFaqih MusyaffaePengarang0 aFauzan Akbar AlamudiePengarang0 aIndrasari Raras AzizahePengarang0 aHidayati UtamiePenyunting31aBantul :bAzyan Mitra Media,c2019 2rdacontentateks 2rdamediaatanpa perantara 2rdacarrieravolume aYOPDYOGbinderda aCB-D.11 2019-4404 aYOPDYOG aCB-D.11/2019-4404 aCB-D.11/2019-4404